000 00716nam a2200181Ia 4500
008 090124s9999 xx 000 0 und d
082 _b43980
100 _aकुलकर्णी स्नेहसुधा
245 _a प्रज्ञावंतांची दैनंदिनी
250 _a2
260 _bनीहारा प्रकाशन
_c2005
300 _a176
600 _aकुलकर्णी स्नेहसुधा
630 _a प्रज्ञावंतांची दैनंदिनी
700 _aकुलकर्णी स्नेहसुधा
730 _a प्रज्ञावंतांची दैनंदिनी
942 _cBOOK
999 _c110201
_d110201